| 000 | 00435pab a2200181 454500 | ||
|---|---|---|---|
| 008 | 180718b2008 xxu||||| |||| 00| 0 eng d | ||
| 100 | _aMian, Zia | ||
| 245 | _aGoing MAD: ten years of the bomb in South Asia | ||
| 260 | _c2008 | ||
| 300 | _ap.201-08. | ||
| 362 | _a28 Jun | ||
| 650 | _aPeace | ||
| 650 | _aNuclear weapons | ||
| 700 | _aRamana, M.V. | ||
| 773 | _aEconomic and Political Weekly | ||
| 908 | _aN | ||
| 909 | _a79052 | ||
| 999 |
_c79052 _d79052 |
||